1990 Database civil engineering (Record no. 113725)

MARC details
000 -LEADER
fixed length control field 00503cam a22002055a 4500
001 - CONTROL NUMBER
control field L155648
008 - FIXED-LENGTH DATA ELEMENTS--GENERAL INFORMATION
fixed length control field 120330s1988 xxk f 000 0 eng d
020 ## - INTERNATIONAL STANDARD BOOK NUMBER
International Standard Book Number 0946805180
022 1# - INTERNATIONAL STANDARD SERIAL NUMBER
International Standard Serial Number 02687690
035 ## - SYSTEM CONTROL NUMBER
System control number (Sirsi) u155648
041 0# - LANGUAGE CODE
Language code of text/sound track or separate title eng
050 04 - LIBRARY OF CONGRESS CALL NUMBER
Classification number 692.3 WES
110 2# - MAIN ENTRY--CORPORATE NAME
Corporate name or jurisdiction name as entry element WESSEX
245 00 - TITLE STATEMENT
Title 1990 Database civil engineering
250 ## - EDITION STATEMENT
Edition statement 3rd ed.
260 ## - PUBLICATION, DISTRIBUTION, ETC.
Place of publication, distribution, etc. Poole : Wessex Electronic Publishing, 1988
650 24 - SUBJECT ADDED ENTRY--TOPICAL TERM
Topical term or geographic name entry element BUILDING PRICE BOOKS
651 #4 - SUBJECT ADDED ENTRY--GEOGRAPHIC NAME
Geographic name ENGLAND AND WALES
942 ## - ADDED ENTRY ELEMENTS (KOHA)
Suppress in OPAC 0
Holdings
Withdrawn status Lost status Source of classification or shelving scheme Damaged status Not for loan Home library Current library Shelving location Date acquired Total Checkouts Full call number Barcode Date last seen Copy number Price effective from Koha item type
    Dewey Decimal Classification     London London Basement 30/03/2012   692.3 WES 30077400 06/08/2019 1 06/08/2019 Book